Historical Verification of Korea's Sovereignty over Ulleungdo and Dokdo (Record no. 775)
[ view plain ]
| 000 -LEADER | |
|---|---|
| fixed length control field | 02740cam a2200349 a 4500 |
| 001 - CONTROL NUMBER | |
| control field | 16811271 |
| 003 - CONTROL NUMBER IDENTIFIER | |
| control field | OSt |
| 005 - DATE AND TIME OF LATEST TRANSACTION | |
| control field | 20230607090837.0 |
| 008 - FIXED-LENGTH DATA ELEMENTS--GENERAL INFORMATION | |
| fixed length control field | 110606s2010 ko a b 001 0 eng |
| 010 ## - LIBRARY OF CONGRESS CONTROL NUMBER | |
| LC control number | 2011416679 |
| 035 ## - SYSTEM CONTROL NUMBER | |
| System control number | (OCoLC)ocn703866059 |
| 040 ## - CATALOGING SOURCE | |
| Original cataloging agency | EXW |
| Transcribing agency | EXW |
| Modifying agency | AGL |
| -- | LOA |
| -- | DLC |
| 042 ## - AUTHENTICATION CODE | |
| Authentication code | lccopycat |
| 050 00 - LIBRARY OF CONGRESS CALL NUMBER | |
| Classification number | DS924.T655 |
| Item number | S65 2010 |
| 070 0# - NATIONAL AGRICULTURAL LIBRARY CALL NUMBER | |
| Classification number | DS924.T655 |
| Item number | S66 2010 |
| 082 ## - DEWEY DECIMAL CLASSIFICATION NUMBER | |
| Classification number | 951.9 |
| Item number | BYE |
| 100 1# - MAIN ENTRY--PERSONAL NAME | |
| Personal name | Song, Pyŏng-gi. |
| 245 10 - TITLE STATEMENT | |
| Title | Historical Verification of Korea's Sovereignty over Ulleungdo and Dokdo |
| Statement of responsibility, etc. | Song Byeong-kie ; translated by National Assembly Library, Republic of Korea. |
| 260 ## - PUBLICATION, DISTRIBUTION, ETC. (IMPRINT) | |
| Place of publication, distribution, etc. | Seoul : |
| Name of publisher, distributor, etc. | National Assembly Library, |
| Date of publication, distribution, etc. | c2010. |
| 300 ## - PHYSICAL DESCRIPTION | |
| Extent | 492 p. : |
| Other physical details | ill. ; |
| Dimensions | 23 cm. |
| 504 ## - BIBLIOGRAPHY, ETC. NOTE | |
| Bibliography, etc | Includes bibliographical references (p. 479-492) and index. |
| 505 0# - FORMATTED CONTENTS NOTE | |
| Formatted contents note | The "one island view" versus the "two island view" -- The territorial management of Ulleungdo during antiquity and the Goryeo Dynasty -- The Ulleungdo settlement ban in early Joseon -- Theory of a new undiscovered island in the East Sea -- The abduction of Ahn Yong-bok to Japan and his activities -- Negotiations in Busan -- The ban on navigation to Ulleungdo issued by the Edo Shogunate and Usando -- Ahn Yong-bok's clandestine trip to Japan -- Ahn Yong-bok's accomplishments -- The resolution of the Ulleungdo Jaenggye -- The establishment of the Ulleungdo Suto System -- Improving geographical understanding -- The dispatching of inspector Yi Gyu-won -- The Meiji government's perception of Ulleungdo and Dokdo during 1870s and 1880s -- The Meiji navigation ban to Ulleungdo and Japanese evacuation -- The Island Development Project and the abolition of the Suto System -- Japanese incursions into Ulleungdo -- The dispatching of inspection commissioner U Yong-jeong -- The integration of Ulleungdo into local administrative system -- The interpretation of Seokdo -- The Japanese invasion of Ulleungdo -- Japan's annexation of Ryanko Island -- Shim Heung-taek's report -- The state of Usanguk and 'two island theory" -- The Ulleungdo Jaenggye (K. Ulleungdo Jaenggye; J. Takeshima Ikken) and the protest of Ahn Yong-bok -- The declaration of Ulleungdo an Usando (Dokdo) as foreign possessions by Japanese Dajokan Minister -- Japan's annexation of "Ryanko Island" and shim Heung-taek's report to the Korean government. |
| 651 #0 - SUBJECT ADDED ENTRY--GEOGRAPHIC NAME | |
| Geographic name | Tok Island (Korea) |
| General subdivision | History. |
| 651 #0 - SUBJECT ADDED ENTRY--GEOGRAPHIC NAME | |
| Geographic name | Ullŭng Island (Korea) |
| General subdivision | History. |
| 651 #0 - SUBJECT ADDED ENTRY--GEOGRAPHIC NAME | |
| Geographic name | Korea |
| General subdivision | History |
| Chronological subdivision | 1392-1637. |
| 651 #0 - SUBJECT ADDED ENTRY--GEOGRAPHIC NAME | |
| Geographic name | Korea |
| General subdivision | History |
| Chronological subdivision | 1637-1864. |
| 651 #0 - SUBJECT ADDED ENTRY--GEOGRAPHIC NAME | |
| Geographic name | Korea |
| General subdivision | History |
| Chronological subdivision | 1864-1910. |
| 710 2# - ADDED ENTRY--CORPORATE NAME | |
| Corporate name or jurisdiction name as entry element | Taehan Min'guk Kukhoe Tosŏgwan. |
| 906 ## - LOCAL DATA ELEMENT F, LDF (RLIN) | |
| a | 7 |
| b | cbc |
| c | copycat |
| d | 3 |
| e | ncip |
| f | 20 |
| g | y-gencatlg |
| 942 ## - ADDED ENTRY ELEMENTS (KOHA) | |
| Source of classification or shelving scheme | Dewey Decimal Classification |
| Koha item type | Books |
| Withdrawn status | Lost status | Source of classification or shelving scheme | Damaged status | Not for loan | Home library | Current library | Date acquired | Total Checkouts | Full call number | Barcode | Date last seen | Price effective from | Koha item type |
|---|---|---|---|---|---|---|---|---|---|---|---|---|---|
| Dewey Decimal Classification | Bunge Tower Library | Bunge Tower Library | 06/07/2023 | 951.9 BYE | 10015546 | 06/07/2023 | 06/07/2023 | Books |
